000 00288nam a2200133Ia 4500
100 _aXavier/C
942 _cBK
654 _aweb technology
245 _aWeb technology and design
260 _bNew Age Int (P) Ltd
_c2003
082 _a4.65
_bXAV
300 _a377
546 _aENGLISH
999 _c30590
_d30590